000 00433nam a2200145Ia 4500
008 220217s9999 xx 000 0 und d
245 0 _aMethods for testing tar and bituminous materials: Determination of matter insoluble in benzene. (First Revision).
260 _c1978
500 _aStandard number: IS 1214
650 _aBenzene
650 _aBituminous materials
650 _aInsoluble matter
650 _aTar
942 _cST
999 _c73505
_d73505